Educación de la cortesía

שמור ב:
מידע ביבליוגרפי
מחבר ראשי: Pradel, Henri (Author)
פורמט: ספר
שפה:ספרדית
יצא לאור: Ciudad de México Paulinas 1959
סדרה:Psicológica
נושאים:
תגים: הוספת תג
אין תגיות, היה/י הראשונ/ה לתייג את הרשומה!

MARC

LEADER 00000nam a2200000 a 4500
001 UCY7905
003 CL-VaPUC
008 950623e19590000MX |||||||||||||||||spa|d
082 0 4 |a 395.123  |b PRA  |2 21 
100 0 |a Pradel, Henri  |e author  |9 338806 
245 1 0 |a Educación de la cortesía 
300 |a 171 p 
942 |c BK 
945 |d 19950623 00:00:00  |a mfernand 
260 |a Ciudad de México  |b Paulinas  |c 1959 
650 7 |a MODALES  |2 CL-VaPUC  |9 338807 
650 0 |a Comportamiento   |9 308406 
650 7 |a COSTUMBRES  |2 CL-VaPUC  |9 337506 
650 0 |a Juventud  |9 271073 
583 |a last modification  |c 19950623 00:00:00  |k Rodrigo Vera 
490 0 |a Psicológica 
999 |c 235201  |d 235199 
952 |0 0  |1 0  |4 0  |6 395_123000000000000_PRA_1959  |7 0  |8 P  |9 242442  |a BIBEDU  |b BIBEDU  |c BIBEDU_PB  |d 2019-11-18  |i 1520687  |o 395.123 PRA 1959  |p 1520687  |r 2024-01-25  |w 2019-11-18  |y BK  |k EDU